| 000 | 00537nam a2200229Ia 4500 | ||
|---|---|---|---|
| 008 | 160803s9999 xx 000 0 und d | ||
| 020 | _a9781595143778 | ||
| 100 | _aAltbacker, EJ | ||
| 245 | 4 | _aThe battle of riptide / | |
| 245 | _cEJ Altbacker. | ||
| 260 | _aNew York : | ||
| 260 | _bScholastic Inc. | ||
| 260 | _c2011 | ||
| 300 | _a242 pages : | ||
| 300 | _billustrations ; | ||
| 300 | _c20 cm. | ||
| 650 | _aMarine animals -- | ||
| 650 | _aSharks -- | ||
| 650 | _xFiction. | ||
| 650 | _xFiction. | ||
| 700 | _a770 | ||
| 999 |
_c299610 _d299610 |
||